|
|
|
|
| LEADER |
01277ppm a22002778a 4500 |
| 001 |
00031034 |
| 005 |
20171026081025.0 |
| 008 |
130830s2009 ||||||viesd |
| 041 |
0 |
# |
|a vie
|
| 082 |
1 |
4 |
|a 372.21
|b M458S
|
| 100 |
1 |
# |
|a Phạm, Huy Tư
|
| 245 |
0 |
0 |
|a Một số giải pháp nâng cao chất lượng đội ngũ cán bộ quản lý các trường tiểu học thành phố Vĩnh Long tỉnh Vĩnh Long
|b Luận văn Thạc sĩ giáo dục học. Chuyên ngành: Quản lý giáo dục. Mã số: 60.14.05
|c Phạm Huy Tư; Hà Văn Hùng (hướng dẫn)
|
| 260 |
# |
# |
|a Vinh
|b Đại học Vinh
|c 2009
|
| 300 |
# |
# |
|a 114 tr + phụ lục.
|c 30cm.
|
| 500 |
# |
# |
|a ĐTTTS ghi: Bộ giáo dục và đào tạo. Trường Đại học Vinh
|
| 653 |
# |
# |
|a Luận văn
|
| 653 |
# |
# |
|a nâng cao chất lượng
|a cán bộ quản lý
|a trường tiểu học
|a Vĩnh Long
|
| 653 |
# |
# |
|a giải pháp
|
| 653 |
# |
# |
|a Quản lý giáo dục
|
| 700 |
1 |
# |
|a Hà, Văn Hùng
|e Hướng dẫn
|
| 852 |
# |
# |
|b Kho đọc SĐH
|j LV.0000483
|
| 852 |
# |
# |
|j LV.0000483
|
| 910 |
|
|
|d 30/08/2013
|
| 980 |
# |
# |
|a Trung tâm Học liệu Lê Vũ Hùng, Trường Đại học Đồng Tháp
|